| 000 | 00942cam a2200289 a 4500 | ||
|---|---|---|---|
| 999 |
_c2989 _d2989 |
||
| 001 | 016145111 | ||
| 003 | UkOxU | ||
| 005 | 20230914110535.0 | ||
| 008 | 041109s2005 enk 000 d eng | ||
| 015 |
_aGBA488200 _2bnb |
||
| 020 | _a1854598422 (pbk.) | ||
| 020 | _a9781854598424 | ||
| 035 | _a(Uk)013059083 | ||
| 035 | _a(UkOxU)UkOxUw13334668 | ||
| 040 |
_aStDuBDS _beng _cStDuBDS _dUk _dKH8 |
||
| 041 | 1 |
_aeng _hnor |
|
| 042 | _aukblsr | ||
| 082 | 0 | 4 |
_a839.822 IBS _222 |
| 100 | 1 |
_aIbsen, Henrik, _d1828-1906, _eauthor. |
|
| 240 | 1 | 0 |
_aHedda Gabler. _lEnglish |
| 245 | 1 | 0 |
_aHedda Gabler / _cHenrik Ibsen ; in a new version by Richard Eyre ; from a literal translation by Karin and Ann Bamborough ; with an introduction by Richard Eyre. |
| 260 |
_aLondon : _bNick Hern, _c2005. |
||
| 300 |
_a95 p. ; _c20 cm. |
||
| 650 | 0 |
_aWomen _zEurope _xSocial conditions _y19th century _vDrama. |
|
| 700 | 1 |
_aEyre, Richard, _d1943- |
|
| 942 |
_2ddc _cTR |
||